| 000 | 00922nam0a22002411 4500 | ||
|---|---|---|---|
| 001 | rc\2788214 | ||
| 005 | 20260406082601.0 | ||
| 035 | _a(NLR Aleph) 006914404 | ||
| 090 |
_a7380948 _c7380948 |
||
| 100 | _a20110915d1935 |||y0rusy50 ca | ||
| 101 | 0 | _arus | |
| 102 | _aRU | ||
| 105 | _ah z ||||| | ||
| 200 | 1 |
_aНемецкая идеология _fС прил. статьи Ф. Энгельса "Истинные социалисты" _gИн-т Маркса-Энгельса-Ленина при ЦК ВКП(б) |
|
| 210 |
_a[Москва] _cПартиздат _d1935 |
||
| 215 |
_aXII, 620 с., 6 л. факс. _d23 см. |
||
| 700 | 1 |
_aМаркс _bК. _f1818-1883 _gКарл |
|
| 701 | 1 |
_7ca _8rus _aЭнгельс _bФ. _cполит. деятель _f1820-1895 _gФридрих _931083 _3RU\NLR\AUTH\7748148 |
|
| 801 | 0 |
_aRU _bNLR _gpsbo |
|
| 801 | 1 |
_aRU _bELAR _2rusmarc |
|
| 852 |
_aNLR _jМЭ 1-46/1-6 |
||
| 942 | _cBOOK | ||
| 980 | _aNB | ||